书目信息 |
| 题名: |
西方文化英语教程
|
|
| 作者: | 殷企平 , 李颖 主编 | |
| 分册: | 学生用书 | |
| 出版信息: | 上海 上海外语教育出版社 2024.08 |
|
| 页数: | 309页 | |
| 开本: | 26cm | |
| 丛书名: | 新目标大学英语系列教材 | |
| 单 册: | ||
| 中图分类: | H319.37 | |
| 科图分类: | ||
| 主题词: | 西方文化--英语--阅读教学--高等学校--教材 | |
| 电子资源: | ||
| ISBN: | 978-7-5446-8282-4 | |
| 000 | 01444oam2 2200289 450 | |
| 001 | 01235450 | |
| 005 | 20251022102647.80 | |
| 010 | @a978-7-5446-8282-4@dCNY69.00 | |
| 100 | @a20241106d2024 em y0chiy0120 ea | |
| 101 | 0 | @achi@aeng |
| 102 | @aCN@b310000 | |
| 105 | @aak z 000yy | |
| 106 | @ar | |
| 200 | 1 | @a西方文化英语教程@9xi fang wen hua ying yu jiao cheng@i学生用书@dNew target college English readings in western culture@iStudent's book@f殷企平, 李颖主编@zeng |
| 205 | @a2版 | |
| 210 | @a上海@c上海外语教育出版社@d2024.08 | |
| 215 | @a309页@c图,照片@d26cm | |
| 225 | 2 | @a新目标大学英语系列教材 |
| 330 | @a《西方文化英语教程》(第二版)为“新目标大学英语系列教材(第二版)-跨文化英语”的一种。本教程依据《大学英语教学指南》(2020版)修订编写,主要目的为提升大学生西方文化英语能力。全书共分16个单元,阅读选文来源包括各种专著报刊,语篇类型丰富。练习形式多样,部分题型与CET题型一致,增强教材的实用性。本教程注重培养学生的语言综合运用能力,使他们能够熟练运用英语获取与西方文化相关的知识,并用英语进行交流。本教程注重课程思政,在中西文化对比的同时,增强中国文化自信。 | |
| 461 | 0 | @12001 @a新目标大学英语系列教材 |
| 510 | 1 | @aNew target college English readings in western culture@iStudent's book@zeng |
| 606 | 0 | @a西方文化@x英语@x阅读教学@x高等学校@j教材 |
| 690 | @aH319.37@v5 | |
| 701 | 0 | @a殷企平@9yin qi ping@4主编 |
| 701 | 0 | @a李颖@9li ying@4主编 |
| 801 | 0 | @aCN@c20250911 |
| 905 | @a河南城建学院图书馆@dH319.37@eY584=2@ZY584=2@f1 | |
| 西方文化英语教程.学生用书=New target college English readings in western culture.Student's book/殷企平, 李颖主编.-2版.-上海:上海外语教育出版社,2024.08 |
| 309页:图,照片;26cm.-(新目标大学英语系列教材) |
| ISBN 978-7-5446-8282-4:CNY69.00 |
| 《西方文化英语教程》(第二版)为“新目标大学英语系列教材(第二版)-跨文化英语”的一种。本教程依据《大学英语教学指南》(2020版)修订编写,主要目的为提升大学生西方文化英语能力。全书共分16个单元,阅读选文来源包括各种专著报刊,语篇类型丰富。练习形式多样,部分题型与CET题型一致,增强教材的实用性。本教程注重培养学生的语言综合运用能力,使他们能够熟练运用英语获取与西方文化相关的知识,并用英语进行交流。本教程注重课程思政,在中西文化对比的同时,增强中国文化自信。 |
| ● |
| 相关链接 |
|
|
|
正题名:西方文化英语教程
索取号:H319.37/Y584=2
 
预约/预借
| 序号 | 登录号 | 条形码 | 馆藏地/架位号 | 状态 | 备注 |
| 1 | 1635604 | 216356048 | 语言库209/209语言库 43排5列2层/ [索取号:H319.37/Y584=2] | 在馆 |